Velocicoaster Owen & Claire Queue Pre-show Scene Script - Statistics

General Stats
  • This quiz has been taken 6 times
  • The average score is 255 of 500
Answer Stats
Hint Answer % Correct
arms,
83%
feet,
83%
Grady,
83%
Grady.
83%
is on! Hands,
83%
to keep
83%
by Owen
83%
Owen,
83%
Claire Dearing: Owen.
83%
Owen?
83%
of this paddock,
83%
in the paddock
83%
quicker
83%
realize
83%
realizes.
83%
she
83%
than
83%
then,
83%
in the vehicle,
83%
vehicle.
83%
This vehicle
83%
you
83%
you?
83%
You,
83%
you.
83%
you,
83%
and
67%
cats
67%
is Claire
67%
Claire?
67%
Claire.
67%
Claire,
67%
dangerous,
67%
'em
67%
every
67%
fast,
67%
fingers
67%
get
67%
the gift
67%
go
67%
be | is going
67%
hear
67%
of house
67%
of the | the hunt
67%
inch
67%
to know
67%
At least
67%
Claire Dearing: Mr.
67%
Claire Dearing: My
67%
my
67%
No, X4
67%
in Raptor
67%
a raptor.
67%
raptor
67%
ride
67%
shop.
67%
to sign
67%
the size
67%
with them
67%
them?
67%
there?
67%
there
67%
they
67%
They
67%
Owen Grady: They're
67%
they're
67%
I think
67%
in | on this
67%
this?
67%
toes,
67%
under
67%
a waiver.
67%
we?
67%
what
67%
Owen Grady: What?
67%
What
67%
you'll
67%
be | in your
67%
agitating
50%
of the agreement,
50%
ain't
50%
air
50%
Claire Dearing: *It's* all
50%
Owen Grady: All
50%
animal
50%
with any
50%
are
50%
Owen Grady: Are
50%
around,
50%
Because
50%
because
50%
been
50%
before
50%
behind
50%
it's below
50%
I brought
50%
But,
50%
but
50%
can
50%
care
50%
check
50%
in complete
50%
control
50%
control.
50%
corporate,
50%
could
50%
on deaf
50%
Dearing.
50%
dispatch
50%
Do
50%
I don't
50%
ears.
50%
on either
50%
encounter.
50%
encounters.
50%
end
50%
enough
50%
everything
50%
Claire Dearing: Everything
50%
exit
50%
expect?
50%
experience
50%
of the experience.
50%
expert.
50%
eye
50%
it's fallen
50%
fed,
50%
fired
50%
for
50%
the gates
50%
gonna
50%
Owen Grady: Good,
50%
Good.
50%
good
50%
good.
50%
got
50%
grade.
50%
I guess
50%
Guests
50%
the guests
50%
Guys,
50%
guys,
50%
have
50%
haven't
50%
headrest.
50%
Owen Grady: Hello?
50%
her
50%
here,
50%
here
50%
home,
50%
how
50%
idea.
50%
incredible
50%
by the infrared
50%
with InGen
50%
this is insane.
50%
Isn't
50%
I've
50%
join
50%
we are joined
50%
Jurassic
50%
just
50%
let
50%
like
50%
likely
50%
the limits
50%
in line.
50%
a little
50%
long
50%
luck.
50%
luck
50%
manager.
50%
matter
50%
me
50%
me.
50%
More
50%
name
50%
not
50%
No it's not.
50%
Claire Dearing: Now,
50%
Now
50%
now!
50%
now,
50%
Oh,
50%
Oh.
50%
oh
50%
one
50%
open
50%
operations
50%
of our
50%
out?
50%
out
50%
and over
50%
no overestimating
50%
pack,
50%
the pack
50%
Park
50%
part
50%
pay
50%
Claire Dearing: People
50%
people,
50%
to present
50%
problem
50%
is proud
50%
us to push
50%
put
50%
Raptors
50%
raptors...
50%
reach
50%
the record,
50%
riders
50%
right
50%
right,
50%
be at risk.
50%
a rollercoaster
50%
safe
50%
safety.
50%
and safety
50%
say
50%
say.
50%
scented
50%
on a second.
50%
second
50%
Security
50%
security
50%
to see
50%
see,
50%
sensors
50%
side
50%
since
50%
in the sky,
50%
So,
50%
so
50%
solvers.
50%
still
50%
technology,
50%
technology
50%
teeth.
50%
Owen Grady: *I* tell
50%
is a terrible
50%
Owen Grady: *Is* that
50%
with that!
50%
Claire Dearing: That's
50%
there's
50%
these
50%
they've
50%
through
50%
of time
50%
training?
50%
training
50%
Turn
50%
in with you unfortunate
50%
up
50%
Owen Grady: Wait
50%
waiting
50%
was
50%
watch
50%
well.
50%
Owen Grady: Well,
50%
we'll
50%
Well
50%
we're
50%
were
50%
it... Whatever.
50%
when
50%
Why
50%
with
50%
is working
50%
World,
50%
wrong?
50%
Owen Grady: Yeah.
50%
Yeah
50%
young,
50%
you're
50%
you've
50%
about
33%
about.
33%
animals.
33%
behavior
33%
between
33%
bit
33%
Boardroom
33%
call
33%
on camera.
33%
clear.
33%
come
33%
command.
33%
is completely
33%
Copy,
33%
developed
33%
it doesn't
33%
doing?
33%
down
33%
empathy,
33%
enables
33%
Claire Dearing: *To* ensure
33%
evolution
33%
the feed?
33%
filming
33%
and four
33%
gentleman!
33%
gotta
33%
the great
33%
has
33%
Owen Grady: Hey
33%
hold
33%
to human
33%
hungry,
33%
information,
33%
innovative
33%
intelligence,
33%
it!
33%
knock
33%
the last
33%
latest
33%
Look...
33%
made
33%
make
33%
I mean,
33%
The message
33%
no mistake
33%
Ms.
33%
much
33%
need
33%
the next
33%
nothing
33%
it off
33%
this off.
33%
Okay.
33%
Okay,
33%
in partnership
33%
probably
33%
really
33%
and response
33%
room
33%
scheme
33%
specialist
33%
strides
33%
Claire Dearing: Thank
33%
the thrill
33%
as it is thrilling.
33%
Today,
33%
touch
33%
The trained
33%
to travel
33%
two
33%
and unfortunately,
33%
unparalleled
33%
with us?
33%
the velociraptor
33%
be virtually
33%
We've
33%
Claire Dearing: Where's
33%
wild,
33%
will
33%
to worry
33%
years,
33%
Alright?
17%
I beleive
17%
are boarded,
17%
body.
17%
carbon
17%
carnivore
17%
challenged
17%
checks.
17%
close
17%
critical
17%
with cutting
17%
edge
17%
and engineered
17%
and enjoy
17%
equipped
17%
Everyone,
17%
this exciting
17%
expansion.
17%
fiber
17%
helping
17%
journey
17%
Claire Dearing: Mhmm.
17%
Once
17%
possible
17%
prepare
17%
with a reinforced
17%
talk
17%
ultimate
17%
Whoa, X4
17%
No matching quizzes found
Score Distribution
Percent of People with Each Score
Percentile by Number Answered
Your Score History
You have not taken this quiz